Words that start with Aq! - Statistics

General Stats
  • This quiz has been taken 23 times
  • The average score is 5 of 68
Answer Stats
Letters Answer % Correct
4 Aqua
100%
8 Aquarium
60%
7 Aquatic
60%
10 Aquamarine
50%
5 Aquas
30%
8 Aqueduct
25%
9 Aquariums
20%
8 Aquatics
20%
11 Aquamarines
15%
11 Aquatically
15%
9 Aqueducts
15%
9 Aquaplane
10%
10 Aquaplaner
10%
10 Aquaplanes
10%
7 Aqueous
10%
7 Aquifer
10%
10 Aquiferous
10%
11 Aquaculture
5%
13 Aquaculturist
5%
14 Aquaculturists
5%
5 Aquae
5%
8 Aquafarm
5%
10 Aquafarmed
5%
9 Aquafarms
5%
10 Aquaplaned
5%
11 Aquaplaning
5%
7 Aquaria
5%
11 Aquiculture
5%
8 Aquifers
5%
8 Aquiline
5%
10 Aquilinity
5%
7 Aquiver
5%
8 Aquacade
0%
9 Aquacades
0%
12 Aquacultural
0%
12 Aquacultures
0%
11 Aquafarming
0%
8 Aqualung
0%
9 Aqualungs
0%
8 Aquanaut
0%
9 Aquanauts
0%
11 Aquaplaners
0%
9 Aquarelle
0%
10 Aquarelles
0%
11 Aquarellist
0%
12 Aquarellists
0%
8 Aquarial
0%
8 Aquarian
0%
9 Aquarians
0%
8 Aquarist
0%
9 Aquarists
0%
8 Aquatint
0%
10 Aquatinted
0%
10 Aquatinter
0%
11 Aquatinters
0%
11 Aquatinting
0%
11 Aquatintist
0%
12 Aquatintists
0%
9 Aquatints
0%
8 Aquatone
0%
9 Aquatones
0%
7 Aquavit
0%
8 Aquavits
0%
9 Aqueously
0%
12 Aquicultures
0%
9 Aquilegia
0%
10 Aquilegias
0%
12 Aquillinities
0%
No matching quizzes found
Score Distribution
Percent of People with Each Score
Percentile by Number Answered
Your Score History
You have not taken this quiz